000 00473nam a2200193Ia 4500
999 _c100834
_d100834
003 0100
005 20171207103333.0
008 130307s9999 xx 000 0 und d
040 _cARRUPELIB
050 _aGN645.E8323 2004
245 _aEthnicity and democracy in Africa
260 _aOxford
_bJames Currey
_c2004
300 _axiv
300 _b336p. 23cm
650 _aPolitical antropology
_zAfrica
_937984
650 _aEthnicity
_xPolitical aspects
_zAfrica
_937985
700 _aBerman, Bruce ; Eyoh, Dickson ; Kymlicka, Will
_937986
942 0 0 _04
_2lcc
_cMONOGRAPH